000 00403nam a2200157Ia 4500
008 230524s9999 xx 000 0 und d
082 _a621.38
_bBOS
100 _aSanjay K.Bose
_924910
245 0 _aDigital Systems From Gates to Microprocessors
250 _a1ST
260 _aNEW DELHI
_bNew Age
_c1996
300 _aXVI;428
500 _aQuantity Number: 1
650 _aElectronics
942 _cBK
999 _c36944
_d36944